000 00506cam a22001812 4500
001 0000008774
005 20151217160117.0
008 080529s xx 000 0 eng d
020 _a0333605624 :
_cKES 198.75
040 _aKABU
_cKABU
100 1 _aJennings, Terry.
_@0000159473
245 1 0 _aLeela and the frogs /
_cTerry Jennings.
260 _aOxford :
_bMacmillan Education,
_c1996.
300 _a32 p.
908 _a080529
950 _@1
999 _c14412
_d14412